Statistics for Crowns of Europe

Click here to take the quiz!

General Stats

  • This quiz has been taken 55 times
  • The average score is 7 of 10

Answer Stats

Answer% Correct
United Kingdom
98%
Spain
82%
Russia
77%
France
73%
Italy
70%
Sweden
70%
Bohemia/Czechia
61%
Poland
61%
Hungary
50%
Holy Roman Empire
48%

Score Distribution

Percentile by Number Answered

Percent of People with Each Score

Your Score History

You have not taken this quiz